000 01128nam0a22002411 4500
001 v19\rc\1623364
005 20260406225455.0
035 _a(NLR Aleph) 004740492
090 _a4490670
_c4490670
100 _a20061002d1901 |||y0rusy50 ca
101 0 _arus
102 _aRU
105 _ay b |||||
200 1 _aКаталог Книжного склада Комитета по устройству сельских библиотек и народных читален Харьковского общества распространения в народе грамотности. Харьков...
210 _a[Харьков]
_d1901
215 _a[2], 62 с.
_d24
309 _aБез тит. л. и обл.
710 0 2 _aХарьковское о-во распространения в народе грамотности
_bКом. по устройству сельских библиотек и народных читален
_bКнижный склад
_9458936
_3RU\NLR\AUTH\889981396
801 0 _aRU
_bNLR
_gpsbo
801 1 _aRU
_bProSoft-M
_2rusmarc
852 _aNLR
_j18.331.2.331(1)
942 _cBOOK
980 _aNB